Normal view
MARC view
- Baecker, Ronald M
Entry Personal Name
001 - CONTROL NUMBER
- control field: 36949
003 - CONTROL NUMBER IDENTIFIER
- control field: NUST
005 - DATE AND TIME OF LATEST TRANSACTION
- control field: 20210314130134.0
008 - FIXED-LENGTH DATA ELEMENTS
- fixed length control field: 210314|| aca||aabn | a|a d
040 ## - CATALOGING SOURCE
- Original cataloging agency: NUST
- Transcribing agency: NUST
100 ## - HEADING--PERSONAL NAME
- Personal name: Baecker, Ronald M
670 ## - SOURCE DATA FOUND
- Source citation: Work cat.: (NUST): Baecker, Ronald M., Human factors and typography for more readable programs /, c1990.
